Процессы дегидрирования углеводородов в реакторах мембранного типа: автореферат диссертации на соискание ученой степени кандидата технических наук; спец. 05.17.08

Podrobná bibliografie
Hlavní autor: Шелепова Е. В. Екатерина Владимировна
Korporativní autor: Российская академия наук (РАН) Сибирское отделение (СО) Институт катализа им. Г. К. Борескова (ИК)
Další autoři: Ведягин А. А. Алексей Анатольевич (научный руководитель)
Shrnutí:Защита сост. 27.09.2016 г.
Jazyk:ruština
Vydáno: Томск, [Б. и.], 2016
Témata:
Médium: MixedMaterials Kniha
KOHA link:https://koha.lib.tpu.ru/cgi-bin/koha/opac-detail.pl?biblionumber=323837

MARC

LEADER 00000nam0a2200000 4500
001 323837
005 20231102003617.0
035 |a (RuTPU)RU\TPU\book\349424 
090 |a 323837 
100 |a 20161028d2016 k y0rusy50 ca 
101 0 |a rus 
102 |a RU 
105 |a a dm 001zy 
200 1 |a Процессы дегидрирования углеводородов в реакторах мембранного типа  |e автореферат диссертации на соискание ученой степени кандидата технических наук  |e спец. 05.17.08  |f Е. В. Шелепова  |g Российская академия наук (РАН), Сибирское отделение (СО), Институт катализа им. Г. К. Борескова (ИК) ; науч. рук. А. А. Ведягин 
210 |a Томск  |c [Б. и.]  |d 2016 
215 |a 21 с.  |c ил. 
300 |a Защита сост. 27.09.2016 г. 
320 |a Библиогр.: с. 19-21 (16 назв.) 
606 1 |a Углеводороды  |x Дегидрирование  |2 stltpush  |3 (RuTPU)RU\TPU\subj\32443  |9 54991 
606 1 |a Мембранная технология  |x Разделение жидкостей и газов  |x Физико-химические основы  |2 stltpush  |3 (RuTPU)RU\TPU\subj\42083  |9 61841 
610 1 |a химические технологии 
610 1 |a промышленные мономеры 
610 1 |a производство 
610 1 |a мембранные реакторы 
610 1 |a математическое моделирование 
610 1 |a массоперенос 
610 1 |a теплоперенос 
610 1 |a мембранные процессы 
610 1 |a каталитические мембранные реакторы 
610 1 |a алканы 
610 1 |a этан 
610 1 |a пропан 
610 1 |a этилбензол 
610 1 |a кинетика 
610 1 |a термодинамика 
610 1 |a окисление 
610 1 |a диффузия 
610 1 |a пористые мембраны 
610 1 |a плотные мембраны 
610 1 |a диссертации 
675 |a 661.715(04)  |v 4 
675 |a 66.081.6(04)  |v 4 
686 |a 05.17.08  |2 oksvnk 
700 1 |a Шелепова  |b Е. В.  |g Екатерина Владимировна 
702 1 |a Ведягин  |b А. А.  |c химик  |c главный эксперт Томского политехнического университета, кандидат химических наук  |f 1975-  |g Алексей Анатольевич  |2 stltpush  |3 (RuTPU)RU\TPU\pers\36793  |4 727 
712 0 2 |a Российская академия наук (РАН)  |b Сибирское отделение (СО)  |b Институт катализа им. Г. К. Борескова (ИК)  |c (Новосибирск)  |2 stltpush  |3 (RuTPU)RU\TPU\col\325 
801 1 |a RU  |b 63413507  |c 20161028 
801 2 |a RU  |b 63413507  |c 20170424  |g RCR 
942 |c BK